Sports Quiz

Random Sports or Olympics Quiz

Olympic Sports: All Time Quiz Stats

 Plays Quiz not verified by Sporcle

Score 0/58 Timer 10:00
0 Plays Today
Summer/Winter Sport % Correct
SummerFootball
84.2%
SummerSwimming
84.2%
SummerBaseball
78.9%
SummerTennis
78.9%
SummerField Hockey
75.8%
SummerWrestling
75.8%
SummerBasketball
75.8%
SummerGymnastics
75.8%
SummerAthletics
75.8%
SummerCycling
74.7%
WinterIce Hockey
72.6%
WinterSpeed Skating
72.6%
SummerGolf
71.6%
SummerArchery
71.6%
WinterFigure Skating
71.6%
WinterLuge
70.5%
SummerDiving
70.5%
SummerVolleyball
69.5%
WinterSkeleton
69.5%
SummerTable Tennis
68.4%
SummerRowing
68.4%
SummerBoxing
68.4%
WinterSnowboarding
67.4%
SummerJudo
66.3%
SummerFencing
66.3%
SummerSoftball
66.3%
SummerShooting
66.3%
SummerSailing
65.3%
SummerBadminton
65.3%
Summer/Winter Sport % Correct
SummerRugby Union
65.3%
WinterCurling
64.2%
SummerEquestrian
63.2%
SummerHandball
63.2%
WinterAlpine Skiing
62.1%
WinterBobsleigh
61.1%
WinterSki Jumping
60%
WinterBiathlon
60%
WinterCross-Country Skiing
58.9%
SummerWater Polo
56.8%
SummerWeightlifting
56.8%
SummerCanoeing
56.8%
SummerTaekwondo
55.8%
SummerCricket
51.6%
SummerTriathlon
50.5%
SummerSynchronized Swimming
47.4%
SummerPolo
40%
SummerModern Pentathlon
33.7%
WinterFreestyle Skiing
32.6%
SummerTug of War
29.5%
WinterNordic Combined
29.5%
SummerLacrosse
26.3%
SummerCroquet
14.7%
SummerBasque Pelota
10.5%
SummerWater Motorsport
6.3%
WinterMilitary Patrol (Early form of Biathlon)
6.3%
SummerJeu de Paume
4.2%
SummerRackets
3.2%
SummerRoque
2.1%

You're not logged in!

Compare scores with friends on all Sporcle quizzes.
OR
Log In

Show Comments

Extras

Created Oct 13, 2010ReportNominate
Tags:Olympics Quiz, medalist

Top Quizzes Today


Score Distribution

Your Account Isn't Verified!

In order to create a playlist on Sporcle, you need to verify the email address you used during registration. Go to your Sporcle Settings to finish the process.

Report this User

Report this user for behavior that violates our Community Guidelines.

Details: